El mundo vegetal /

Estudio que presenta un panorama general sobre las plantas inferiores y superiores del mundo vegetal y el papel que desempeñan en la biosfera. Incluye una entrevista a Roger Molinier, científico frances del campo de las ciencias naturales.

সংরক্ষণ করুন:
গ্রন্থ-পঞ্জীর বিবরন
প্রধান লেখক: Llimona, Xavier (autor)
অন্যান্য লেখক: Molinier, Roger (autor) (autor), Salvat, Manuel (dirección) (dirección), Marco, Joaquín (dirección editorial) (dirección editorial)
বিন্যাস: গ্রন্থ
ভাষা:স্প্যানিশ
প্রকাশিত: Barcelona, España : Salvat, 1975, c1973
মালা:(Biblioteca Salvat de Grandes Temas ; 65)
বিষয়গুলি:
ট্যাগগুলো: ট্যাগ যুক্ত করুন
কোনো ট্যাগ নেই, প্রথমজন হিসাবে ট্যাগ করুন!

MARC

LEADER 00000nam^a2200000^a^4500
001 000429872
005 20250526000000.0
009 20260310122909.164
020 |a 84-345-7423-3 
020 |a 84-345-7358-X 
037 |a Acervo ITESO - Biblioteca 
041 |a ESP 
082 |a 086. 1  |b SAL V. 65 
100 |a Llimona, Xavier  |e (autor) 
240 1 1 |a [Biblioteca Salvat de grandes temas] 
245 1 3 |a El mundo vegetal /  |c X. Llimona, R. Molinier ; dir. de M. Salvat ; dir. editorial de J. Marco. 
264 4 |a Barcelona, España :  |b Salvat,  |c 1975, c1973 
300 |a 142 p. ;  |c 19.5 cm. 
336 |a texto  |b txt  |2 rdacontenido 
337 |a sin mediación  |b n  |2 rdamedio 
338 |a volumen  |b nc  |2 rdasoporte 
440 1 |a (Biblioteca Salvat de Grandes Temas ;  |v 65) 
520 |a Estudio que presenta un panorama general sobre las plantas inferiores y superiores del mundo vegetal y el papel que desempeñan en la biosfera. Incluye una entrevista a Roger Molinier, científico frances del campo de las ciencias naturales. 
649 |a XX 
650 |a Científicos Franceses -  |x Entrevistas 
650 |a Biólogos Franceses -  |x Entrevistas 
650 |a Semillas 
650 |a Frutas 
650 |a Bacterias 
650 |a Algas 
650 |a Hongos 
650 |a Líquenes 
650 |a Musgos 
650 |a Criptógamas 
650 |a Flora 
650 |a Botánica -  |x Tema Principal 
650 |a Biología 
650 |a Molinier, Roger 
700 |a Molinier, Roger  |e (autor) 
700 |a Salvat, Manuel  |e (dirección) 
700 |a Marco, Joaquín  |e (dirección editorial) 
910 |a Fondo Alfonso de Alba Martín 
920 |a Impresos - Libros 
930 |a Libros Antiguos y Raros 
905 |a 125 
901 |a 0500351243  |b IT2  |c LRA  |i D96693  |u 20250526 
902 |a https://opac.biblio.iteso.mx/vufind/Record/000429872